Sports Quiz

Random Sports or Tennis Quiz

Womens Tennis Seeds 2010 Quiz Stats

 Plays Quiz not verified by Sporcle

Challenge
Share
Tweet
Embed
Score 0/130 Timer 12:00
0 Plays Today
Tournament Name % Correct
AOSerena Williams
99.5%
FOSerena Williams
99.5%
WIMBLEDONSerena Williams
99.5%
AOVenus Williams
99.2%
FOVenus Williams
99.2%
WIMBLEDONVenus Williams
99.2%
USOVenus Williams
99.2%
AOCaroline Wozniacki
96.3%
AOKim Clijsters
96.3%
FOCaroline Wozniacki
96.3%
WIMBLEDONCaroline Wozniacki
96.3%
WIMBLEDONKim Clijsters
96.3%
USOCaroline Wozniacki
96.3%
USOKim Clijsters
96.3%
AOMaria Sharapova
94.8%
FOMaria Sharapova
94.8%
WIMBLEDONMaria Sharapova
94.8%
USOMaria Sharapova
94.8%
AOAna Ivanovic
91.9%
AOJelena Jankovic
91.4%
FOJelena Jankovic
91.4%
WIMBLEDONJelena Jankovic
91.4%
USOJelena Jankovic
91.4%
AOLi Na
91.1%
FOLi Na
91.1%
WIMBLEDONLi Na
91.1%
USOLi Na
91.1%
FOJustine Henin
90.1%
WIMBLEDONJustine Henin
90.1%
AOFrancesca Schiavone
89.8%
FOFrancesca Schiavone
89.8%
WIMBLEDONFrancesca Schiavone
89.8%
USOFrancesca Schiavone
89.8%
AOElena Dementieva
86.6%
AOSamantha Stosur
86.6%
FOElena Dementieva
86.6%
FOSamantha Stosur
86.6%
WIMBLEDONSamantha Stosur
86.6%
USOSamantha Stosur
86.6%
USOElena Dementieva
86.6%
AODinara Safina
86.1%
AOSvetlana Kuznetsova
86.1%
FOSvetlana Kuznetsova
86.1%
FODinara Safina
86.1%
Tournament Name % Correct
WIMBLEDONSvetlana Kuznetsova
86.1%
WIMBLEDONDinara Safina
86.1%
USOSvetlana Kuznetsova
86.1%
AOVictoria Azarenka
85.9%
FOVictoria Azarenka
85.9%
WIMBLEDONVictoria Azarenka
85.9%
USOVictoria Azarenka
85.9%
AOMarion Bartoli
84%
FOMarion Bartoli
84%
WIMBLEDONMarion Bartoli
84%
USOMarion Bartoli
84%
AOVera Zvonareva
83.5%
FOVera Zvonareva
83.5%
WIMBLEDONVera Zvonareva
83.5%
USOVera Zvonareva
83.5%
AOAgnieszka Radwanska
82.2%
FOAgnieszka Radwanska
82.2%
WIMBLEDONAgnieszka Radwanska
82.2%
USOAgnieszka Radwanska
82.2%
AOFlavia Pennetta
79.8%
FOFlavia Pennetta
79.8%
WIMBLEDONFlavia Pennetta
79.8%
USOFlavia Pennetta
79.8%
AODaniela Hantuchova
77%
FODaniela Hantuchova
77%
WIMBLEDONDaniela Hantuchova
77%
USODaniela Hantuchova
77%
AONadia Petrova
76.7%
FONadia Petrova
76.7%
WIMBLEDONNadia Petrova
76.7%
USONadia Petrova
76.7%
USOPetra Kvitova
75.9%
FOZheng Jie
71.7%
WIMBLEDONZheng Jie
71.7%
USOZheng Jie
71.7%
FOMaria Kirilenko
70.9%
WIMBLEDONMaria Kirilenko
70.9%
USOMaria Kirilenko
70.9%
AODominika Cibulkova
69.6%
FODominika Cibulkova
69.6%
FOYanina Wickmayer
64.9%
WIMBLEDONYanina Wickmayer
64.9%
USOYanina Wickmayer
64.9%
AOSabine Lisicki
63.9%
Tournament Name % Correct
FOAnastasia Pavlyuchenkova
62.6%
WIMBLEDONAnastasia Pavlyuchenkova
62.6%
USOAnastasia Pavlyuchenkova
62.6%
FOLucie Safarova
61.8%
WIMBLEDONLucie Safarova
61.8%
USOLucie Safarova
61.8%
AOAravane Rezai
60.7%
FOAravane Rezai
60.7%
WIMBLEDONAravane Rezai
60.7%
USOAravane Rezai
60.7%
AOKateryna Bondarenko
60.2%
AOAlona Bondarenko
60.2%
FOAlona Bondarenko
60.2%
FOKateryna Bondarenko
60.2%
WIMBLEDONAlona Bondarenko
60.2%
WIMBLEDONKateryna Bondarenko
60.2%
USOAlona Bondarenko
60.2%
USOTsvetana Pironkova
60.2%
AOShahar Peer
59.2%
FOShahar Peer
59.2%
WIMBLEDONShahar Peer
59.2%
WIMBLEDONSara Errani
59.2%
USOShahar Peer
59.2%
USOKaia Kanepi
56.5%
WIMBLEDONMelanie Oudin
55.5%
AOAlisa Kleybanova
51.8%
FOAlisa Kleybanova
51.8%
WIMBLEDONAlisa Kleybanova
51.8%
USOAlisa Kleybanova
51.8%
AOMaria Jose Martinez Sanchez
50.5%
FOMaria Jose Martinez Sanchez
50.5%
WIMBLEDONMaria Jose Martinez Sanchez
50.5%
USOMaria Jose Martinez Sanchez
50.5%
AOElena Vesnina
49%
WIMBLEDONYaroslava Shvedova
46.6%
USOYaroslava Shvedova
46.6%
AOVirginie Razzano
44.8%
AOAnabel Medina Garrigues
44.8%
FOAlexandra Dulgheru
43.5%
WIMBLEDONAlexandra Dulgheru
43.5%
USOAlexandra Dulgheru
43.5%
AOCarla Suarez Navarro
41.4%

You're not logged in!

Compare scores with friends on all Sporcle quizzes.
OR
Log In

You Might Also Like...

Show Comments

Extras

Top Quizzes Today


Score Distribution

Your Account Isn't Verified!

In order to create a playlist on Sporcle, you need to verify the email address you used during registration. Go to your Sporcle Settings to finish the process.

Report this User

Report this user for behavior that violates our Community Guidelines.

Details: